Minecraft Mobs: Ghast - Statistics

General Stats
  • This quiz has been taken 19 times
  • The average score is 7 of 11
Answer Stats
Question Answer % Correct
How many health points does a ghast have? 10
88%
What is a ghast's height in blocks? 4
88%
What is one other item a ghast drops when killed? Ghast Tear | Gunpowder
88%
What is a ghast's width in blocks? 4
81%
What advancement do you get for hitting a ghast with its own fireball? Return to Sender
75%
What biome do ghasts spawn in most frequently? Soul Sand Valley
75%
What is one other biome ghasts can spawn in? Basalt Deltas | Nether Wastes
56%
What item does a ghast only drop when killed in that way? Music Disc (Tears)
38%
What advancement do you get for killing a ghast while being in the overworld? Uneasy Alliance
38%
How much damage does a deflected ghast fireball deal if it hits a ghast? 1000
31%
What advancement do you get for looking at a ghast through a spyglass? Is It a Balloon?
31%
No matching quizzes found
Score Distribution
Percent of People with Each Score
Percentile by Number Answered
Your Score History
You have not taken this quiz